00906nam a2200217 a 4500001000900000005001700009008004100026020001500067050002400082245010800106260005600214300004500270500001100315500003900326504003200365650005100397650004400448650007700492650010000569700001900669BRL_153620190320211242.0240214c----1997u--ab#####---#000-0#spa-# a0892363827 4aNK8812.5b.H55 199710aEl hilo contínuobla conservación de las tradiciones textiles de Oaxacaceditado por Kathryn Klein. aLos AngelesbThe Getty Conservation Institutec1997 axiii, 162 p.bil. a color, mapasc29 cm. aAu1647 aIncluye dedicatoria a Ruth Lechuga aBibliografía : p. 145-15114aDiseño textilzOaxaca de Juárez (México)14aTextileszOaxaca de Juárez (México)14aFábricas textiles indígenasxHistoriazOaxaca de Juárez (México)14aFábricas textiles indígenasxConservación y restauraciónzOaxaca de Juárez (México)1 aKlein, Kathryn